Formal methods in human-computer interaction
Αποθηκεύτηκε σε:
| Άλλοι συγγραφείς: | , |
|---|---|
| Μορφή: | Βιβλίο |
| Γλώσσα: | English |
| Δημοσίευση: |
Cambridge ; New York :
Cambridge University Press,
1990.
|
| Σειρά: | Cambridge series on human-computer interaction ;
2 |
| Θέματα: | |
| Ετικέτες: |
Προσθήκη ετικέτας
Δεν υπάρχουν, Καταχωρήστε ετικέτα πρώτοι!
|
MARC
| LEADER | 00000cam a2200000 i 4500 | ||
|---|---|---|---|
| 001 | 1/37830 | ||
| 008 | 941103s1990####enk| ||| |||| ||eng|| | ||
| 020 | |a 052137202X | ||
| 035 | |l 10040613 | ||
| 035 | |a 1990 |c ΔΑΡΖΕΝΤΑΣ | ||
| 035 | |a 1993 |c ΠΑΝΑΓΙΩΤΟΠΟΥΛΟΣ | ||
| 040 | |a GR-MyUA |b gre |e AACR2 | ||
| 041 | 0 | |a eng | |
| 082 | 0 | |a 004.019 |2 (20) | |
| 245 | 1 | 0 | |a Formal methods in human-computer interaction / |c edited by Michael Harrison and Harold Thimbleby. |
| 260 | |a Cambridge ; |a New York : |b Cambridge University Press, |c 1990. | ||
| 300 | |a xvii, 323 σ. : |b εικ. ; |c 25 εκ. | ||
| 490 | 1 | |a (Cambridge series on human-computer interaction |v ; 2) | |
| 504 | |a Βιβλιογραφία: σ. [297]-316. Περιέχει ευρετήριο. | ||
| 650 | 0 | 0 | |a Human-computer interaction. |
| 700 | 1 | |a Harrison, M. D. |q (Michael D.) |e edt | |
| 700 | 1 | |a Thimbleby, Harold, |e edt | |
| 830 | 0 | |a Cambridge series on human-computer interaction ; |v 2 | |
| 852 | |a INST |b SAMOS |e 19941103 |h 004.019 FOR |p 005300003743 |q 005300003743 |t BK |y 0 | ||
| 852 | |a INST |b SAMOS |e 19941103 |h 004.019 FOR |p 005300005912 |q 005300005912 |t BK |y 0 | ||
| 909 | |a Σ |b 018858 | ||
| 909 | |a Σ |b 029683 | ||